LEADER 02205nam a2200421 a 4500 001 000000141067 003 CaOOAMICUS 005 20210311145846.0 008 150112s2014 it u000 u ita r 020 $a978-88-311-9853-0 032 $aLibriCat 040 $aPUL$bita 041 1 $aita$alat$hlat 082 04$a220.7 100 0 $aHieronymus,$cs.,$d342/347-419.$0(OLS)http://pul/name/3875 240 10$aHistorica et agiographica.$lItaliano e latino.$0(OLS)http://pul/title/178527 245 10$aOpere storiche e agiografiche /$cGirolamo ; a cura di Bazyli Degórski. 260 $aRoma :$bCittą Nuova,$c©2014. 300 $a560 p. ;$c24 cm 490 1 $aOpere di Girolamo = Hieronymi Opera ;$v15 500 $aSul front.: Vita di San Paolo, eremita di Tebe. ita di Ilarione. Vita sdi Malco, l'eremita prigioniero. Prefazione alla traduzione delle Cronache di Eusebio di Cesarea. Continuazione delle Cronache di Eusebio di Cesarea. Gli uomini illustri. Prefazione alla traduzione della Regola di Pacomio. 504 $aBibliografia in nota. 546 $aTesto a fronte in latino. 600 04$aHieronymus,$cs.,$d342/347-419$xCommentari biblici.$0(OLS)http://pul/subject/39830 700 1 $aDegórski, Bazyli,$cO.S.P.P.E.$0(OLS)http://pul/name/57509 800 0 $aHieronymus,$cs.,$d342/347-419.$tOpera omnia ;$v15.$0(OLS)http://pul/nameTitle/1153$0(OLS)http://pul/name/3875$0(OLS)http://pul/title/2415 830 0$aHieronymi opera (Cittą nuova) ;$vv. 15.$0(OLS)http://pul/title/212571 830 0$aOpere di Girolamo (Cittą nuova) ;$vv.15.$0(OLS)http://pul/title/212570 850 $aPUL 852 $aPUL$W1$xSL Religione 3$y85$m220. 7 GIROL 1.15$j162836$qDDC 21$B162533$CPULBib$Z2$F162533 $H125210 $82 900 $aGirolamo,$cs.$d 342/347-419$93875 900 $aHieronymus, Sophronius Eusebius,$d342/347-419$93875 941 1 $a9 996 $6020$a978-88-311-9853-0$9(OLS)http://pul/number/156637 996 $6082$a220.7$9(OLS)http://pul/classification/1816 996 $6245$aOpere storiche e agiografiche$9(OLS)http://pul/title/178528 996 $6260$aRoma :$bCittą Nuova$9(OLS)http://pul/publisher/47927 LEADER 01300nam a2200301 a 4500 001 000000172404 003 CaOOAMICUS 005 20190725125701.0 008 190725t2019 it u000 u ita r 020 $a978-88-921-19628 032 $aLibriCat 040 $aPUL$bita 082 00$a346.45 100 1 $aD'Antonio, Virgilio.$0(OLS)http://pul/name/110667 245 10$aDiritto privato :$bnozioni fondamentali /$cVirgilio D'Antonio, Giovanni Sciancalepore, Pasquale Stanzione. 260 $aTorino :$bG. Giappichelli,$c©2019. 300 $a454 p. :$c24 cm 650 4$aDiritto privato$zItalia$vManuali, trattati, ecc.$0(OLS)http://pul/subject/25157 700 1 $aSciancalepore, Giovanni.$0(OLS)http://pul/name/66330 700 1 $aStanzione, Pasquale.$0(OLS)http://pul/name/37178 850 $aPUL 852 $aPUL$W1$xSL Diritto e Scienze Sociali 3$y79$m346. 45 DANVI 1$j196322$qDDC 21$B201087$CPULBib$Z2$F201087 $H133223 $82 941 1 $a9 996 $6020$a978-88-921-19628$9(OLS)http://pul/number/166484 996 $6082$a346.45$9(OLS)http://pul/classification/372 996 $6245$aDiritto privato :$bnozioni fondamentali $9(OLS)http://pul/title/213344 996 $6260$aTorino :$bG. Giappichelli$9(OLS)http://pul/publisher/49130